Social problems and the city : geographical perspectives
Αποθηκεύτηκε σε:
| Άλλοι συγγραφείς: | , |
|---|---|
| Μορφή: | Βιβλίο |
| Γλώσσα: | English |
| Δημοσίευση: |
Oxford :
Oxford University Press,
1979.
|
| Θέματα: | |
| Ετικέτες: |
Προσθήκη ετικέτας
Δεν υπάρχουν, Καταχωρήστε ετικέτα πρώτοι!
|
MARC
| LEADER | 00000pam a2200000 i 4500 | ||
|---|---|---|---|
| 001 | 1/75239 | ||
| 008 | 970403s1979 eng d | ||
| 020 | |a 0-19-874080-8 | ||
| 035 | |l 10003712 | ||
| 040 | |a GR-MY-UA |b gre |e aacr | ||
| 041 | 0 | |a eng | |
| 082 | 0 | |a 307.760941 | |
| 245 | 1 | 0 | |a Social problems and the city : |b geographical perspectives / |c edited by David T. Herbert and David M. Smith. |
| 260 | |a Oxford : |b Oxford University Press, |c 1979. | ||
| 300 | |a xi, 271 σ. : |b εικ. ; |c 24 εκ. | ||
| 504 | |a Περιλαμβάνει βιβλιογραφία και ευρετήριο. | ||
| 650 | 0 | 0 | |a Cities and towns |z Great Britain. |
| 650 | 0 | 0 | |a Social problems |x Case studies. |
| 650 | 0 | 0 | |a Urban policy |z Great Britain. |
| 700 | 1 | |a Herbert, David T. |e edt | |
| 700 | 1 | |a Smith, David Marshall |d 1936- |e edt | |
| 852 | |a INST |b LESVOS |c BK |e 19970403 |h 307.760941 SOC |p 005100011904 |q 005100011904 |t BK |y 0 | ||
| 909 | |a Λ |b 03862 | ||